| 000 | 00389 a2200097 4500 | ||
|---|---|---|---|
| 245 | 0 | 0 |
_aBezpieczeństwo urządzeń techniki informatycznej i elektrycznych - urządzeń techniki biurowej ZASTĄPIONA PRZEZ PN-EN 60950:2002 (U) PN-93/T-42107 / _cMP i Handlu. |
| 246 | 1 | 3 | _aPN-93/T-42107 |
| 246 | 1 | 3 | _a681.2:62.83:001.2 |
| 260 |
_aWarszawa : _bMP i Handlu, _c1993. |
||
| 300 |
_a151 stron ; _c30 cm. |
||
| 650 | _aPolska norma | ||
| 999 |
_c19490 _d19490 |
||